The Market Response to Beating After-tax Earnings Targets Revisited using Analysts’ Pre-tax Earnings Forecasts and Concurrent Tax Note Disclosures(pages 31–65) (Record no. 307920)
[ view plain ]
| 000 -LEADER | |
|---|---|
| fixed length control field | 00484nam a2200109Ia 4500 |
| 008 - FIXED-LENGTH DATA ELEMENTS--GENERAL INFORMATION | |
| fixed length control field | 170221s9999 xx 000 0 und d |
| 100 ## - MAIN ENTRY--PERSONAL NAME | |
| Personal name | Kathleen Herbohn |
| 245 #4 - TITLE STATEMENT | |
| Title | The Market Response to Beating After-tax Earnings Targets Revisited using Analysts’ Pre-tax Earnings Forecasts and Concurrent Tax Note Disclosures(pages 31–65) |
| 245 ## - TITLE STATEMENT | |
| Statement of responsibility, etc | Kathleen Herbohn, Irene Tutticci and Zhi Tan |
| 650 ## - SUBJECT ADDED ENTRY--TOPICAL TERM | |
| General subdivision | Business |
| 856 ## - ELECTRONIC LOCATION AND ACCESS | |
| Uniform Resource Identifier | <a href="http://onlinelibrary.wiley.com/doi/10.1111/jbfa.12181/epdf">http://onlinelibrary.wiley.com/doi/10.1111/jbfa.12181/epdf</a> |
| Withdrawn status | Lost status | Damaged status | Home library | Current library | Date acquired | Total Checkouts | Date last seen | Price effective from | Koha item type |
|---|---|---|---|---|---|---|---|---|---|
| College Library | College Library | 02/21/2017 | 02/21/2017 | 02/21/2017 | Foreign e-journal articles |